000 01182nam a2200313 a 4500
999 _c23974
_d23974
001 cpk19970184228
005 20251024081145.0
007 tu
008 970205s1996 xr e p 000 0 cze
020 _a8021014598
_q(Masarykova univerzita ;
_qbrož.)
020 _a8085765691
_q(Doplněk ;
_qbrož.)
035 _a(OCoLC)37250402
040 _aABA001
_bcze
_csk
072 7 _a34
_xPrávo
_2Konspekt
080 _a340
_2undef
100 1 _aVečeřa, Miloš,
_d1949-
_4aut
_95105
245 1 0 _aZáklady sociologie práva /
_cMiloš Večeřa, Martina Urbanová
250 _aVyd. 1.
260 _aBrno :
_bDoplněk,
_c1996
300 _a207 s. ;
_c21 cm
490 1 _aEdice učebnic Právnické fakulty Masarykovy univerzity v Brně ;
_vsv. 159
500 _aPozn.
500 _aVydavatel: Masarykova univerzita, Právnická fakulta
650 0 7 _aprávní sociologie
_2czenas
_95106
655 7 _aučebnice vysokých škol
_2czenas
_93091
700 1 _aUrbanová, Martina,
_d1962-
_4aut
_95107
710 2 _aMasarykova univerzita.
_bPrávnická fakulta
_95108
856 4 1 _uhttp://krameriusndk.nkp.cz/search/handle/uuid:d4e7fd70-c610-11e8-bbaa-005056827e52
_yDigitalizovaný dokument